000 00671nam a2200181 a 4500
008 061003s2006 ||||||||||||||||| || u
050 _aIBRD(08)PRWP/3940
100 _aAyyagari, Meghana
245 1 0 _aWhat determines protection of property rights?
246 _aan anlysis of direct and indirect effects
260 _aWashington, D. C
_bWorld Bank
_c2006
300 _a54p;ill
350 _a0.00
650 0 _aECONOMICS
650 _aPROPERTY RIGHTS--RESEARCH
700 _a[and others]
995 _D0.00
_FCBU-MAIN LIBRARY (Kitwe)
_H1
_I0.00
_M1
_UAVAILABLE
_WOct 3, 2006
_ZInternational Publications
999 _c61623
_d61623